000 00299nam a22001337a 4500
008 170725b xxu||||| |||| 00| 0 eng d
020 _a9783528057398
041 _aeng
080 _a004
100 _a29
101 _aSHKI
245 _aDAS PC-WISSEN FUR IT-BERUFE
_cEGEWARDT, R
942 _2udc
_cBK
999 _c21833
_d21833